Die Zukunft des Politischen: Ausblicke auf Hannah Arendt
| Contributors: | |
|---|---|
| Format: | Print Book |
| Language: | German |
| Subito Delivery Service: | Order now. |
| Check availability: | HBZ Gateway |
| WorldCat: | WorldCat |
| Interlibrary Loan: | Interlibrary Loan for the Fachinformationsdienste (Specialized Information Services in Germany) |
| Published: |
Frankfurt am Main
Fischer-Taschenbuch-Verl.
1993
|
| In: | Year: 1993 |
| Edition: | Orig.-Ausg. |
| Series/Journal: | Fischer-Taschenbücher Philosophie
11706 |
| Standardized Subjects / Keyword chains: | B
Arendt, Hannah 1906-1975
/ Political philosophy
|
| Further subjects: | B
Collection of essays
B Political philosophy B Political ethics B Aesthetics B Freedom B Arendt, Hannah <1906-1975> B Intellektuelle |
| Online Access: |
Table of Contents |
MARC
| LEADER | 00000cam a2200000 c 4500 | ||
|---|---|---|---|
| 001 | 131790110 | ||
| 003 | DE-627 | ||
| 005 | 20251222201429.0 | ||
| 007 | tu | ||
| 008 | 931221s1993 gw ||||| 00| ||ger c | ||
| 015 | |a 93,A38,0082 |2 dnb | ||
| 016 | 7 | |a 931351049 |2 DE-101 | |
| 020 | |a 3596117062 |c : DM 19.90, S 156.00, sfr 20.90 (kart.) |9 3-596-11706-2 | ||
| 035 | |a (DE-627)131790110 | ||
| 035 | |a (DE-576)034684700 | ||
| 035 | |a (DE-599)GBV131790110 | ||
| 035 | |a (OCoLC)29246054 | ||
| 035 | |a (OCoLC)29246054 | ||
| 035 | |a (OCoLC)231570734 | ||
| 035 | |a (AT-OBV)AC00684796 | ||
| 035 | |a (DE-H357)his14992 | ||
| 035 | |a (DE-Rt5)2424710 | ||
| 040 | |a DE-627 |b ger |c DE-627 |e rakwb | ||
| 041 | |a ger | ||
| 044 | |c XA-DE | ||
| 082 | 0 | |a 320.01 |q OCLC | |
| 084 | |a 10 |a 16 |2 sdnb | ||
| 084 | |a 3,6 |2 ssgn | ||
| 084 | |a 1 |2 ssgn | ||
| 084 | |a CI 6373 |2 rvk |0 (DE-625)rvk/18515:11773 | ||
| 084 | |a MC 6700 |2 rvk |0 (DE-625)rvk/122411: | ||
| 084 | |a MD 1000 |2 rvk |0 (DE-625)rvk/122490: | ||
| 084 | |a 08.45 |2 bkl | ||
| 084 | |a 08.25 |2 bkl | ||
| 090 | |a a | ||
| 245 | 0 | 4 | |a Die Zukunft des Politischen |b Ausblicke auf Hannah Arendt |c hrsg. von Peter Kemper |
| 250 | |a Orig.-Ausg. | ||
| 264 | 1 | |a Frankfurt am Main |b Fischer-Taschenbuch-Verl. |c 1993 | |
| 300 | |a 182 S. |c 19 cm | ||
| 336 | |a Text |b txt |2 rdacontent | ||
| 337 | |a ohne Hilfsmittel zu benutzen |b n |2 rdamedia | ||
| 338 | |a Band |b nc |2 rdacarrier | ||
| 490 | 0 | |a Fischer-Taschenbücher |v 11706 |a Philosophie | |
| 601 | |a Zukunft | ||
| 650 | 4 | |a Politische Philosophie | |
| 650 | 4 | |a Politische Ethik | |
| 650 | 4 | |a Freiheit | |
| 650 | 4 | |a Ästhetik | |
| 650 | 4 | |a Intellektuelle | |
| 650 | 4 | |a Arendt, Hannah <1906-1975> | |
| 655 | 7 | |a Aufsatzsammlung |0 (DE-588)4143413-4 |0 (DE-627)105605727 |0 (DE-576)209726091 |2 gnd-content | |
| 689 | 0 | 0 | |d p |0 (DE-588)11850391X |0 (DE-627)135599520 |0 (DE-576)160097827 |2 gnd |a Arendt, Hannah |d 1906-1975 |
| 689 | 0 | 1 | |d s |0 (DE-588)4076226-9 |0 (DE-627)104814128 |0 (DE-576)209201223 |2 gnd |a Politische Philosophie |
| 689 | 0 | |5 DE-101 | |
| 700 | 1 | |e Hrsg. |0 (DE-588)12234202X |0 (DE-627)08188821X |0 (DE-576)161684106 |4 edt |a Kemper, Peter |d 1950- | |
| 856 | 4 | 2 | |u http://d-nb.info/931351049/04 |m V:AT-OBV |q application/pdf |v 20130501 |x Verlag |3 Inhaltsverzeichnis |7 1 |
| 935 | |a GIRA | ||
| 935 | |i sf | ||
| 935 | |i Blocktest | ||
| 936 | r | v | |a CI 6373 |b Sekundärliteratur |k Philosophie |k Geschichte der Philosophie |k Geschichte der Philosophie des Abendlandes von Antike bis 20. Jahrhundert |k Philosophie des 20. Jahrhunderts |k Großbritannien, Nordamerika und angelsächsischer Sprachraum |k Autoren |k Arendt, Hannah |k Sekundärliteratur |0 (DE-627)1271559900 |0 (DE-625)rvk/18515:11773 |0 (DE-576)201559900 |
| 936 | r | v | |a MC 6700 |b USA |k Politologie |k Geschichte der politischen Philosophie und der Ideologien |k 19. und 20. Jahrhundert |k Sonstige politische Philosophen |k USA |0 (DE-627)1270878905 |0 (DE-625)rvk/122411: |0 (DE-576)200878905 |
| 936 | r | v | |a MD 1000 |b Politische Theorie, Allgemeines und Gesamtdarstellungen |k Politologie |k Politische Theorie, Grundbegriffe des Politischen |k Politische Theorie, Allgemeines und Gesamtdarstellungen |0 (DE-627)1271425513 |0 (DE-625)rvk/122490: |0 (DE-576)201425513 |
| 936 | b | k | |a 08.45 |j Politische Philosophie |0 (DE-627)10640301X |
| 936 | b | k | |a 08.25 |j Zeitgenössische westliche Philosophie |0 (DE-627)106403672 |
| 951 | |a BO | ||
| ACO | |a 1 | ||
| ELC | |b 1 | ||
| ITA | |a 1 | ||
| LOK | |0 000 xxxxxcx a22 zn 4500 | ||
| LOK | |0 001 3193661317 | ||
| LOK | |0 003 DE-627 | ||
| LOK | |0 004 131790110 | ||
| LOK | |0 005 20100406212112 | ||
| LOK | |0 008 050820||||||||||||||||ger||||||| | ||
| LOK | |0 040 |a DE-21-46 |c DE-627 |d DE-21-46 | ||
| LOK | |0 541 |e 93/721 | ||
| LOK | |0 689 |a s |0 1311364188 |a Politik | ||
| LOK | |0 689 |a s |0 131136322X |a Zukunft | ||
| LOK | |0 852 |a DE-21-46 | ||
| LOK | |0 852 1 |c Ck 765/1020 |m p |9 00 | ||
| LOK | |0 935 |a k046 | ||
| LOK | |0 938 |k p | ||
| LOK | |0 939 |a 20-08-05 |b l01 | ||
| LOK | |0 000 xxxxxcx a22 zn 4500 | ||
| LOK | |0 001 3193661333 | ||
| LOK | |0 003 DE-627 | ||
| LOK | |0 004 131790110 | ||
| LOK | |0 005 20150416094323 | ||
| LOK | |0 008 150416||||||||||||||||ger||||||| | ||
| LOK | |0 040 |a DE-21-121 |c DE-627 |d DE-21-121 | ||
| LOK | |0 541 |e 1993/2562 | ||
| LOK | |0 689 |a s |a Politische Philosophie | ||
| LOK | |0 689 |a s |a Arendt, Hannah | ||
| LOK | |0 852 |a DE-21-121 | ||
| LOK | |0 852 1 |c phil K. 54 |m p |9 00 | ||
| LOK | |0 866 |x Bibdia: 9330 | ||
| LOK | |0 935 |a k121 |a i121 | ||
| LOK | |0 938 |k p | ||
| LOK | |0 939 |a 16-04-15 |b l01 | ||
| LOK | |0 000 xxxxxcx a22 zn 4500 | ||
| LOK | |0 001 3193662143 | ||
| LOK | |0 003 DE-627 | ||
| LOK | |0 004 131790110 | ||
| LOK | |0 005 20250819160434 | ||
| LOK | |0 008 190311||||||||||||||||ger||||||| | ||
| LOK | |0 035 |a (DE-Tue135-1)46209 | ||
| LOK | |0 040 |a DE-Tue135-1 |c DE-627 |d DE-Tue135-1 | ||
| LOK | |0 852 |a DE-Tue135-1 | ||
| LOK | |0 852 1 |m p |9 00 | ||
| LOK | |0 866 |x Bibliography no | ||
| LOK | |0 935 |a iALT | ||
| LOK | |0 938 |k p | ||
| LOK | |0 939 |a 11-03-19 |b l12 | ||
| ORI | |a SA-MARC-ixtheoa001.raw | ||
| REL | |a 1 | ||
| SPR | |a 1 |t IXT | ||
| STA | 0 | 0 | |a Aesthetics,Art,Aesthetics,Freedom,Freedom,Liberty,Liberty in art,Political ethics,Ethics,Politics,State ethics,Political philosophy,State,Political science |
| STB | 0 | 0 | |a Esthétique,Esthétique,Liberté,Liberté,Philosophie politique,Éthique politique |
| STC | 0 | 0 | |a Estética,Estética,Filosofía política,Libertad,Libertad,Ética política |
| STD | 0 | 0 | |a Estetica,Etica politica,Filosofia politica,Libertà,Libertà |
| STE | 0 | 0 | |a 政治伦理学,政治哲学,美学,自由,自由 |
| STF | 0 | 0 | |a 政治倫理學,政治哲學,美學,自由,自由 |
| STG | 0 | 0 | |a Estética,Filosofia política,Liberdade,Liberdade,Ética política |
| STH | 0 | 0 | |a Политическая философия,Политическая этика,Свобода (мотив),Свобода,Эстетика |
| STI | 0 | 0 | |a Αισθητική,Ελευθερία (μοτίβο),Ελευθερία,Πολιτική ηθική,Πολιτική φιλοσοφία |
| SUB | |a REL | ||
| SYE | 0 | 0 | |a Staatsauffassung,Staatsgedanke,Staatsphilosophie , Ethik,Staatsethik,Politik,Politische Moral , Freedom , Künste,Künste,Kunstästhetik,Kunstphilosophie,Kunsttheorie,Philosophische Ästhetik,Kunstanschauung,Kunstauffassung |
| SYG | 0 | 0 | |a Arendt, Hanna,1906-1975,Arendt, Channa,1906-1975,Arend, Chana,1906-1975,Arent, Chana,1906-1975,Arent, Channa,1906-1975,Ārint, Hānā,1906-1975,Arent, Hana,1906-1975,Ārento, Hanna,1906-1975,Arento, Hanna,1906-1975,Ārento,1906-1975,Arendṭ, Ḥanah,1906-1975,Arendtová, Hannah,1906-1975,Blücher, Hannah Arendt,1906-1975,Blücher, Johanna,1906-1975,Schlemihl, Peter,1906-1975,Arendt, H.,1906-1975,Arendt, Heinrich,1906-1975,Arendt-Blücher, Hannah,1906-1975,Blücher, Hannah Arendt-,1906-1975,Arendt, Herr,1906-1975,Arendt, Khanna,1906-1975,Bluecher, Hannah Arendt,1906-1975,Arendt, Johanna,1906-1975,Blücher, Hannah,1906-1975,Stern, Hannah,1906-1975 , Staatsauffassung,Staatsgedanke,Staatsphilosophie |



